000 00406pab a2200157 454500
008 180718b2002 xxu||||| |||| 00| 0 eng d
100 _aSanjay Kumar
245 _aGujarat Assembly pool: was this election different?
260 _c2002
300 _ap.27-30.
362 _a15 Feb
650 _aGujarat. Legislative Assembly - Elections
650 _aElections
773 _aMainstream
909 _a55525
999 _c55525
_d55525